[Event "HUN-chT (Women)"]
[Site "Budapest"]
[Date "2005.04.23"]
[Round "5"]
[White "Rendi, Eva"]
[Black "Adam, Olga"]
[Result "1-0"]
[WhiteElo "2187"]
[BlackElo "2040"]
[PlyCount "69"]
[EventDate "2005.04.19"]
[EventType "team"]
[EventRounds "9"]
[EventCountry "HUN"]
[SourceTitle "CBM 105 Extra"]
[Source "ChessBase"]
[SourceDate "2005.05.01"]
[SourceVersion "1"]
[SourceVersionDate "2005.05.01"]
[SourceQuality "1"]

1. e4 e5 2. Nf3 Nc6 3. Bb5 a6 4. Ba4 Nf6 5. d4 exd4 6. 0-0 Bc5 7. e5 Ng4 8. h3 Nh6 9. Bxh6 gxh6 10. Qd2 b5 11. Bb3 Ne7 12. Qxh6 d5 13. exd6 Qxd6 14. Qg7 Rf8 15. Nbd2 Bf5 16. Rfe1 0-0-0 17. Ne4 Bxe4 18. Rxe4 Qg6 19. Rg4 Qxg7 20. Rxg7 f5 21. Rxh7 Ng6 22. Rd1 Bb6 23. Re1 Rd6 24. Rg7 Nf4 25. Rg4 Nh5 26. Nh4 c5 27. Nxf5 Rdd8 28. Be6+ Kb8 29. Rh4 Rh8 30. Bf7 Ng7 31. Rxh8 Rxh8 32. Nxg7 Rh7 33. Re8+ Ka7 34. Re7+ Kb8 35. Bd5 1-0

[Event "HUN-chT2 Breyer 0405"]
[Site "Hungary"]
[Date "2004.09.26"]
[Round "1"]
[White "Gombocz, Zsolt"]
[Black "Adam, Olga"]
[Result "1-0"]
[WhiteElo "2083"]
[BlackElo "2040"]
[PlyCount "71"]
[EventDate "2004.09.26"]
[EventType "team"]
[EventRounds "11"]
[EventCountry "HUN"]
[SourceTitle "EXT 2009"]
[Source "ChessBase"]
[SourceDate "2008.11.26"]
[SourceVersion "1"]
[SourceVersionDate "2008.11.26"]
[SourceQuality "1"]
[WhiteTeam "MAFC"]
[BlackTeam "Barcza"]
[WhiteTeamCountry "HUN"]
[BlackTeamCountry "HUN"]

1. d4 Nf6 2. Nf3 c5 3. e3 b6 4. b3 e6 5. Bb2 Bb7 6. Be2 Nc6 7. c4 cxd4 8. exd4 Bb4+ 9. Nbd2 d5 10. 0-0 0-0 11. Rc1 Qe7 12. Qc2 Rac8 13. Qb1 Rfd8 14. Rfd1 Rd7 15. Nf1 Na5 16. Ne3 dxc4 17. bxc4 Rdc7 18. Ne5 Ne4 19. Qd3 f5 20. f3 Qh4 21. g3 Nxg3 22. hxg3 Qxg3+ 23. Ng2 Rf8 24. Qe3 Be7 25. Qf2 Qh3 26. Rc3 f4 27. Ba3 Bxa3 28. Rxa3 Rf6 29. Qh4 Qf5 30. Bd3 g5 31. Qh5 Bxf3 32. Qxf3 g4 33. Qa8+ Rf8 34. Bxf5 Rxa8 35. Bxe6+ Kg7 36. Nxf4 1-0

[Event "Szombathely Savaria op 3rd"]
[Site "Szombathely"]
[Date "2003.07.19"]
[Round "1"]
[White "Sikula, Vaszilij"]
[Black "Adam, Olga"]
[Result "1-0"]
[WhiteElo "2419"]
[BlackElo "2049"]
[PlyCount "99"]
[EventDate "2003.07.19"]
[EventType "swiss"]
[EventRounds "9"]
[EventCountry "HUN"]
[SourceTitle "CBM 095 Extra"]
[Source "ChessBase"]
[SourceDate "2003.09.04"]
[SourceVersion "1"]
[SourceVersionDate "2003.09.04"]
[SourceQuality "1"]

1. e4 e5 2. Nf3 Nc6 3. Bb5 a6 4. Ba4 Nf6 5. Qe2 b5 6. Bb3 Be7 7. c3 0-0 8. d4 exd4 9. e5 Ne8 10. cxd4 d6 11. Bd5 Bb7 12. Qe4 dxe5 13. dxe5 Bb4+ 14. Kf1 Na5 15. Bxb7 Qd1+ 16. Ne1 Bxe1 17. Qxe1 Qxe1+ 18. Kxe1 Nxb7 19. a4 c6 20. Nc3 Nc7 21. f4 f6 22. exf6 Rxf6 23. Kf2 Re8 24. axb5 cxb5 25. Rd1 a5 26. Nd5 Rc6 27. Nxc7 Rxc7 28. Be3 Rc2+ 29. Rd2 Rec8 30. Rad1 Nd6 31. Rxc2 Rxc2+ 32. Kf3 Nc4 33. Rd8+ Kf7 34. Bd4 Nxb2 35. Rd7+ Ke6 36. Rxg7 a4 37. Rb7 Kd5 38. Be3 Kc4 39. f5 a3 40. f6 a2 41. Rc7+ Kb3 42. Ra7 Na4 43. Bd4 Rc1 44. f7 a1Q 45. Bxa1 Rxa1 46. Kf2 Nb6 47. Rxa1 Nd7 48. Rd1 Nf8 49. Rd8 Ng6 50. Rg8 1-0

[Event "HUN-chT2 Breyer 0203"]
[Site "Hungary"]
[Date "2002.11.24"]
[Round "3"]
[White "Adam, Olga"]
[Black "Fodre, Sandor"]
[Result "0-1"]
[WhiteElo "2147"]
[BlackElo "2228"]
[PlyCount "86"]
[EventDate "2002.09.22"]
[EventType "team"]
[EventRounds "11"]
[EventCountry "HUN"]
[SourceTitle "EXT 2009"]
[Source "ChessBase"]
[SourceDate "2008.11.26"]
[SourceVersion "1"]
[SourceVersionDate "2008.11.26"]
[SourceQuality "1"]

1. e4 c5 2. Nf3 Nc6 3. d4 cxd4 4. Nxd4 e5 5. Nb5 a6 6. Nd6+ Bxd6 7. Qxd6 Qf6 8. Qa3 Qg6 9. f3 Nd4 10. Qd3 d5 11. Be3 dxe4 12. fxe4 Nc6 13. c3 Be6 14. Nd2 Rd8 15. Qc2 Nf6 16. 0-0-0 0-0 17. Bd3 Rc8 18. Bc5 Rfd8 19. Kb1 Nd7 20. Ba3 b5 21. Nf3 b4 22. cxb4 Nxb4 23. Qe2 Bxa2+ 24. Ka1 Nxd3 25. Kxa2 Nf4 26. Qf2 Qxe4 27. Qa7 Nf6 28. Rhe1 Qc4+ 29. Ka1 Rxd1+ 30. Rxd1 e4 31. Ne5 Qe6 32. Bd6 Nd3 33. Nxd3 Qxd6 34. Nf2 Qe6 35. Qb7 h6 36. Re1 Re8 37. Rc1 e3 38. Nd3 Qe4 39. Qxa6 Kh7 40. Qb5 Ra8+ 41. Kb1 Rd8 42. Rc3 e2 43. Ka2 Rxd3 0-1

[Event "Budapest FS08 FM"]
[Site "Budapest"]
[Date "2002.08.11"]
[Round "9"]
[White "Adam, Olga"]
[Black "Koczo, Kristof"]
[Result "0-1"]
[WhiteElo "2147"]
[BlackElo "2024"]
[PlyCount "50"]
[EventDate "2002.08.03"]
[EventType "tourn"]
[EventRounds "13"]
[EventCountry "HUN"]
[SourceTitle "CBM 089 Extra"]
[Source "ChessBase"]
[SourceDate "2002.09.10"]
[SourceVersion "2"]
[SourceVersionDate "2002.09.10"]
[SourceQuality "1"]

1. e4 c5 2. Nf3 d6 3. d4 cxd4 4. Nxd4 Nf6 5. Nc3 a6 6. Be2 e5 7. Nb3 Be7 8. 0-0 Be6 9. Bg5 Nbd7 10. f4 Qc7 11. f5 Bc4 12. Bxc4 Qxc4 13. Qf3 0-0 14. Rad1 b5 15. h4 h6 16. Be3 b4 17. Nd5 Nxd5 18. Rxd5 Nf6 19. Rd2 Nxe4 20. Rd4 exd4 21. Qxe4 d5 22. Qxe7 Rfe8 23. Qd6 dxe3 24. Rf4 e2 25. Rxc4 e1Q+ 0-1

[Event "Budapest FS08 FM"]
[Site "Budapest"]
[Date "2002.08.07"]
[Round "5"]
[White "Adam, Olga"]
[Black "Adam, Gyorgy"]
[Result "1/2-1/2"]
[WhiteElo "2147"]
[BlackElo "2127"]
[PlyCount "39"]
[EventDate "2002.08.03"]
[EventType "tourn"]
[EventRounds "13"]
[EventCountry "HUN"]
[SourceTitle "CBM 089 Extra"]
[Source "ChessBase"]
[SourceDate "2002.09.10"]
[SourceVersion "2"]
[SourceVersionDate "2002.09.10"]
[SourceQuality "1"]

1. e4 c5 2. Nf3 Nc6 3. d4 cxd4 4. Nxd4 Nf6 5. Nc3 d6 6. Be2 e5 7. Nb3 Be6 8. Bg5 Be7 9. Bxf6 gxf6 10. Nd5 f5 11. f3 fxe4 12. fxe4 Bh4+ 13. g3 Bg5 14. Bc4 Rc8 15. Qd3 a6 16. Nd2 Bxd2+ 17. Qxd2 Nd4 18. Qd3 Bxd5 19. exd5 Qg5 20. 0-0 1/2-1/2

[Event "Szombathely Savaria op 2nd"]
[Site "Szombathely"]
[Date "2002.07.31"]
[Round "8"]
[White "Adam, Olga"]
[Black "Vajda, Szidonia"]
[Result "0-1"]
[WhiteElo "2147"]
[BlackElo "2390"]
[PlyCount "76"]
[EventDate "2002.07.26"]
[EventType "swiss"]
[EventRounds "9"]
[EventCountry "HUN"]
[SourceTitle "CBM 089 Extra"]
[Source "ChessBase"]
[SourceDate "2002.09.10"]
[SourceVersion "2"]
[SourceVersionDate "2002.09.10"]
[SourceQuality "1"]

1. e4 c5 2. Nf3 d6 3. d4 cxd4 4. Nxd4 Nf6 5. Nc3 a6 6. f4 e5 7. Nf3 Qc7 8. a4 Be7 9. Be2 h6 10. 0-0 Be6 11. Kh1 Nbd7 12. Nd2 exf4 13. Rxf4 d5 14. Nb3 Bd6 15. Rh4 dxe4 16. Nd4 0-0 17. Nxe6 fxe6 18. Be3 Rad8 19. Bg4 Rfe8 20. Bh5 Re7 21. Bg6 Nf8 22. Bxe4 Bg3 23. Qxd8 Qxd8 24. hxg3 Qc7 25. Bf4 Qc5 26. Bd3 g5 27. Rxh6 gxf4 28. Rxf6 Qh5+ 29. Kg1 fxg3 30. Ne2 Rg7 31. Rf3 Qh2+ 32. Kf1 Qh4 33. a5 Nd7 34. Rf4 Qh5 35. Ng1 Qh6 36. Rf3 Ne5 37. Be4 Nxf3 38. Nxf3 Qe3 0-1

[Event "HUN-ch (Women)"]
[Site "Budapest"]
[Date "2001.09.28"]
[Round "8"]
[White "Gara, Ticia"]
[Black "Adam, Olga"]
[Result "0-1"]
[WhiteElo "2381"]
[BlackElo "2156"]
[PlyCount "34"]
[EventDate "2001.09.21"]
[EventType "tourn"]
[EventRounds "9"]
[EventCountry "HUN"]
[EventCategory "1"]
[SourceTitle "CBM 084 Extra"]
[Source "ChessBase"]
[SourceDate "2001.10.26"]
[SourceVersion "1"]
[SourceVersionDate "2001.10.26"]
[SourceQuality "1"]

1. e4 e5 2. Nf3 Nc6 3. Bb5 a6 4. Bxc6 dxc6 5. 0-0 Bg4 6. h3 h5 7. d3 Qf6 8. Be3 Be7 9. Nbd2 g5 10. Bxg5 Qg7 11. Bxe7 Nxe7 12. Kh1 Ng6 13. Rg1 Ke7 14. Nf1 Nf4 15. hxg4 hxg4+ 16. N3h2 g3 17. Nxg3 Qxg3 0-1

[Event "HUN-ch (Women)"]
[Site "Budapest"]
[Date "2001.09.27"]
[Round "7"]
[White "Adam, Olga"]
[Black "Dembo, Yelena"]
[Result "0-1"]
[WhiteElo "2156"]
[BlackElo "2391"]
[PlyCount "84"]
[EventDate "2001.09.21"]
[EventType "tourn"]
[EventRounds "9"]
[EventCountry "HUN"]
[EventCategory "1"]
[SourceTitle "CBM 084 Extra"]
[Source "ChessBase"]
[SourceDate "2001.10.26"]
[SourceVersion "1"]
[SourceVersionDate "2001.10.26"]
[SourceQuality "1"]

1. e4 c5 2. Nf3 Nc6 3. d4 cxd4 4. Nxd4 Nf6 5. Nc3 d6 6. Be2 e6 7. Be3 Be7 8. 0-0 0-0 9. f4 a6 10. Kh1 Qc7 11. Qe1 Nxd4 12. Bxd4 b5 13. a3 Bb7 14. Qg3 Rad8 15. Bd3 Ne8 16. e5 dxe5 17. Bxe5 Bd6 18. Rae1 f5 19. Rf2 Bxe5 20. Rxe5 Rf6 21. Qe3 Qd6 22. Kg1 Nc7 23. Qa7 Ba8 24. Rc5 Rf7 25. Re5 Nd5 26. Qd4 Nxc3 27. Qxc3 Bd5 28. Qa5 Rfd7 29. a4 Bc4 30. axb5 axb5 31. Rd2 Qd4+ 32. Rf2 Ra7 33. Qe1 Rda8 34. Rxe6 Ra1 35. Bxc4 Rxe1+ 36. Rxe1+ Qxc4 37. g3 Rd8 38. b3 Qc3 39. Rfe2 h6 40. Kf1 Kh7 41. Kg1 Rd2 42. Kf2 Rxc2 0-1

[Event "HUN-ch (Women)"]
[Site "Budapest"]
[Date "2001.09.26"]
[Round "6"]
[White "Goczo, Melinda"]
[Black "Adam, Olga"]
[Result "1-0"]
[WhiteElo "2158"]
[BlackElo "2156"]
[PlyCount "137"]
[EventDate "2001.09.21"]
[EventType "tourn"]
[EventRounds "9"]
[EventCountry "HUN"]
[EventCategory "1"]
[SourceTitle "CBM 084 Extra"]
[Source "ChessBase"]
[SourceDate "2001.10.26"]
[SourceVersion "1"]
[SourceVersionDate "2001.10.26"]
[SourceQuality "1"]

1. d4 Nf6 2. Nf3 c5 3. d5 b5 4. Bg5 Qb6 5. Bxf6 Qxf6 6. c3 Qf5 7. e3 a6 8. a4 Bb7 9. axb5 axb5 10. Rxa8 Bxa8 11. c4 g6 12. Nbd2 bxc4 13. Qa1 Qxd5 14. Bxc4 Qb7 15. b4 Rg8 16. bxc5 e6 17. 0-0 Bxc5 18. Rb1 Bb4 19. Qb2 Nc6 20. Ne4 Ke7 21. Qf6+ Kf8 22. Nd6 Bxd6 23. Rxb7 Bxb7 24. Qb2 Na5 25. Be2 Bc6 26. Qb6 Nb7 27. g3 Ke7 28. Qd4 Ra8 29. Qh4+ Ke8 30. Qxh7 Bxf3 31. Qh8+ Bf8 32. Bxf3 Ra7 33. Qb2 d5 34. Qb5+ Ke7 35. Qb6 Ra1+ 36. Kg2 Nd6 37. Qc7+ Ke8 38. Qb8+ Ke7 39. h4 Rc1 40. Be2 Rc8 41. Qa7+ Kf6 42. Qd4+ Ke7 43. Bd3 Rc7 44. g4 Ke8 45. Qh8 Ke7 46. h5 gxh5 47. gxh5 f5 48. Qe5 Rd7 49. Qf4 Kd8 50. h6 Kc7 51. Qe5 Re7 52. Qh8 Rf7 53. h7 Bg7 54. Qg8 Kd7 55. Be2 Re7 56. Kf1 Rf7 57. Bh5 Re7 58. Bd1 Bc3 59. Ba4+ Kc7 60. h8Q Bxh8 61. Qxh8 Nc4 62. Qf6 Kd6 63. Qf8 Ne5 64. Qb8+ Rc7 65. Ke2 Nc6 66. Qf8+ Kd7 67. Kd3 Ra7 68. Bb5 Ra3+ 69. Qxa3 1-0

[Event "Heves Fregatt op 2nd"]
[Site "Heves"]
[Date "2001.05.11"]
[Round "2.10"]
[White "Adam, Olga"]
[Black "Bakos, Balazs"]
[Result "1/2-1/2"]
[WhiteElo "1971"]
[BlackElo "1704"]
[PlyCount "75"]
[EventDate "2001.05.11"]
[EventType "swiss"]
[EventRounds "9"]
[EventCountry "HUN"]
[SourceTitle "EXT 2004"]
[Source "ChessBase"]
[SourceDate "2003.11.25"]
[SourceVersion "1"]
[SourceVersionDate "2003.11.25"]
[SourceQuality "1"]

1. e4 d5 2. d4 e6 3. exd5 exd5 4. Bd3 Bd6 5. Qf3 Ne7 6. Ne2 c6 7. c3 Qc7 8. Bf4 Bxf4 9. Nxf4 Nd7 10. Nd2 Nf6 11. h3 Bd7 12. 0-0-0 0-0-0 13. Rhe1 Rde8 14. Nb3 Ng6 15. Nxg6 fxg6 16. Re3 Rxe3 17. fxe3 Re8 18. Nd2 Qd6 19. e4 dxe4 20. Nxe4 Nxe4 21. Bxe4 Rf8 22. Qd3 Qf4+ 23. Kc2 Qxe4 24. Qxe4 Bf5 25. Qd3 Kd7 26. c4 Kd6 27. Re1 Bxd3+ 28. Kxd3 Kd7 29. Re3 Rf2 30. Re2 Rf8 31. d5 cxd5 32. cxd5 Kd6 33. Kc3 Rf7 34. Rd2 Rf5 35. Kc4 Rf4+ 36. Kd3 Rf5 37. Kc4 Rf4+ 38. Kd3 1/2-1/2

[Event "HUN-ch KO"]
[Site "Budapest"]
[Date "2000.08.29"]
[Round "1.2"]
[White "Bertok, Bela"]
[Black "Adam, Olga"]
[Result "1/2-1/2"]
[WhiteElo "2157"]
[BlackElo "2007"]
[PlyCount "66"]
[EventDate "2000.08.28"]
[EventType "k.o."]
[EventRounds "6"]
[EventCountry "HUN"]
[SourceTitle "EXT 2001"]
[Source "ChessBase"]
[SourceDate "2000.11.22"]
[SourceVersion "1"]
[SourceVersionDate "2000.11.22"]
[SourceQuality "1"]

1. Nf3 c5 2. c4 Nf6 3. Nc3 d5 4. cxd5 Nxd5 5. d3 b6 6. g3 Bb7 7. Bg2 Bc6 8. 0-0 e6 9. Ne5 Bb7 10. Qa4+ Nd7 11. Ne4 Qc7 12. f4 f6 13. Nxd7 Qxd7 14. Qb3 Nb4 15. Nc3 Bxg2 16. Kxg2 Qc6+ 17. Kg1 c4 18. Qxc4 Bc5+ 19. d4 Nc2 20. dxc5 Nxa1 21. Ne4 Rd8 22. Be3 b5 23. Qc3 Qxe4 24. Rxa1 0-0 25. Kf2 Rd7 26. Rc1 Rfd8 27. Qa5 Qc6 28. b4 a6 29. Qa3 Kf7 30. Qb3 Ke7 31. h4 Qd5 32. Qc2 Qh5 33. c6 Rd5 1/2-1/2

[Event "HUN-ch U18/20 Girls"]
[Site "Paks"]
[Date "2000.04.18"]
[Round "4"]
[White "Medvegyne Balogh, Emese"]
[Black "Adam, Olga"]
[Result "0-1"]
[WhiteElo "2001"]
[BlackElo "2007"]
[PlyCount "42"]
[EventDate "2000.04.14"]
[EventType "swiss"]
[EventRounds "9"]
[EventCountry "HUN"]
[SourceTitle "EXT 2004"]
[Source "ChessBase"]
[SourceDate "2003.11.25"]
[SourceVersion "1"]
[SourceVersionDate "2003.11.25"]
[SourceQuality "1"]

1. e4 e5 2. Nf3 Nc6 3. d4 exd4 4. c3 d3 5. Bxd3 Bc5 6. 0-0 d6 7. b4 Bb6 8. Bc4 h6 9. Re1 Nge7 10. Nbd2 0-0 11. Nb3 Bg4 12. Be2 f5 13. exf5 Nxf5 14. Qd5+ Kh8 15. Ng5 Bxf2+ 16. Kh1 Bxe1 17. Bxg4 Qf6 18. Ne6 Nh4 19. Bf4 Bxc3 20. Rb1 Qg6 21. Qd1 Rf6 0-1

[Event "HUN-ch univ"]
[Site "Hungary"]
[Date "2000.??.??"]
[Round "?"]
[White "Csoke, Krisztian"]
[Black "Adam, Olga"]
[Result "1-0"]
[WhiteElo "2225"]
[BlackElo "2005"]
[PlyCount "55"]
[EventDate "2000.??.??"]
[EventType "swiss"]
[EventRounds "7"]
[EventCountry "HUN"]
[SourceTitle "EXT 2004"]
[Source "ChessBase"]
[SourceDate "2003.11.25"]
[SourceVersion "1"]
[SourceVersionDate "2003.11.25"]
[SourceQuality "1"]

1. e4 c5 2. Nf3 d6 3. Bb5+ Nd7 4. c3 a6 5. Ba4 b5 6. Bc2 Bb7 7. 0-0 e6 8. a4 Ngf6 9. axb5 axb5 10. Rxa8 Qxa8 11. d3 Be7 12. Qe2 Bc6 13. Nbd2 0-0 14. d4 Qb7 15. Re1 Ra8 16. e5 dxe5 17. dxe5 Nd5 18. Qe4 g6 19. Qg4 Ra2 20. h4 h5 21. Qg3 Kg7 22. Ng5 Bxg5 23. Qxg5 Nc7 24. Ne4 Ne8 25. Ng3 Nf8 26. Nxh5+ Kh8 27. Qh6+ Kg8 28. Nf6+ 1-0

[Event "Budapest Spring op 15th"]
[Site "Budapest"]
[Date "1999.03.20"]
[Round "4"]
[White "Adam, Olga"]
[Black "Horvath, Gabor"]
[Result "0-1"]
[WhiteElo "2005"]
[BlackElo "2236"]
[PlyCount "42"]
[EventDate "1999.03.??"]
[EventType "swiss"]
[EventRounds "9"]
[EventCountry "HUN"]
[SourceTitle "EXT 2000"]
[Source "ChessBase"]
[SourceDate "1999.11.16"]
[SourceVersion "1"]
[SourceVersionDate "1999.11.16"]
[SourceQuality "1"]

1. e4 c5 2. Nf3 Nc6 3. d4 cxd4 4. Nxd4 e5 5. Nb5 d6 6. Bc4 Be7 7. 0-0 Nf6 8. N5c3 0-0 9. h3 Be6 10. Bd5 Qd7 11. a3 Na5 12. Qd3 Rac8 13. b3 Nc6 14. Be3 Nh5 15. Nd2 Nd4 16. Kh2 Bf6 17. Bxd4 Nf4 18. Qb5 exd4 19. Bxe6 Qxe6 20. Nd5 Be5 21. g3 Qxh3+ 0-1

[Event "HUN-ch U18/20 Girls"]
[Site "Paks"]
[Date "1999.03.??"]
[Round "?"]
[White "Adam, Olga"]
[Black "Palotai, Piroska"]
[Result "0-1"]
[WhiteElo "2000"]
[BlackElo "2090"]
[PlyCount "92"]
[EventDate "1999.03.??"]
[EventType "tourn"]
[EventRounds "9"]
[EventCountry "HUN"]
[SourceTitle "EXT 2006"]
[Source "ChessBase"]
[SourceDate "2005.11.24"]
[SourceVersion "1"]
[SourceVersionDate "2005.11.24"]
[SourceQuality "1"]

1. e4 e5 2. Nf3 Nc6 3. Bc4 Nf6 4. d3 Be7 5. c3 d6 6. 0-0 Bg4 7. Nbd2 0-0 8. Bb3 Na5 9. Re1 c5 10. Qc2 Rc8 11. Nh4 Nxb3 12. axb3 a6 13. Nc4 g6 14. f4 Nh5 15. Ne3 Bxh4 16. g3 exf4 17. Nxg4 fxg3 18. h3 Bg5 19. Rf1 f5 20. exf5 gxf5 21. Nh6+ Bxh6 22. Bxh6 Rf7 23. Qe2 Ng7 24. Ra4 Qf6 25. Qe3 Re8 26. Qd2 Qe6 27. Qg5 Qg6 28. Qd2 Qh5 29. h4 Re6 30. Bg5 h6 31. Bf4 Rfe7 32. Bxg3 Qg6 33. Qg2 Nh5 34. Kh2 Rg7 35. Rf3 f4 36. Raxf4 Nxf4 37. Rxf4 Qxd3 38. Rf3 Qe2 39. Rf2 Qg4 40. Rf4 Qxf4 41. Bxf4 Rxg2+ 42. Kxg2 Re2+ 43. Kf3 Rxb2 44. Bxd6 Rxb3 45. Bxc5 Rxc3+ 46. Be3 Rxe3+ 0-1